Normal view
MARC view
- সালাহউদ্দিন, মোহাম্মদ
Entry Personal Name
001 - CONTROL NUMBER
- control field: 4439
003 - CONTROL NUMBER IDENTIFIER
- control field: OSt
005 - DATE AND TIME OF LATEST TRANSACTION
- control field: 20211202161553.0
008 - FIXED-LENGTH DATA ELEMENTS
- fixed length control field: 211202|| aca||aabn | a|a d
040 ## - CATALOGING SOURCE
- Original cataloging agency: OSt
100 ## - HEADING--PERSONAL NAME
- Personal name: সালাহউদ্দিন, মোহাম্মদ
